[Event "ASD Arci Scacchi-SG Kaltern/Tramin"]
[Site "?"]
[Date "2012.10.27"]
[Round "1.1"]
[White "Bertagnolli, Alexander"]
[Black "Pichler, Klaus"]
[Result "1-0"]
[WhiteElo "2294"]
[BlackElo "1711"]
[PlyCount "61"]
[EventDate "2012.??.??"]

1. d4 g6 2. h4 h5 3. e4 d5 4. exd5 Nf6 5. Bg5 Bg7 6. Bb5+ Nbd7 7. Ne2 Nxd5 8.
c4 c6 9. cxd5 cxb5 10. d6 Nf6 11. dxe7 Qxe7 12. Nbc3 Qd7 13. Qb3 a6 14. a4 O-O
15. axb5 Re8 16. O-O Qe6 17. d5 Nxd5 18. Nxd5 Qxe2 19. Nc7 Be6 20. Qb4 Qxb2 21.
Qe4 Rab8 22. Nxe8 Rxe8 23. bxa6 bxa6 24. Rxa6 Qb5 25. Ra8 Rxa8 26. Qxa8+ Kh7
27. Rd1 Qe2 28. Qd8 Bb3 29. Rb1 Ba2 30. Rc1 Be6 31. Bf6 1-0

[Event "ASD Arci Scacchi-SG Kaltern/Tramin"]
[Site "?"]
[Date "2012.10.27"]
[Round "1.2"]
[White "Carozza, Gregorio"]
[Black "Paltrinieri, Nicholas"]
[Result "0-1"]
[WhiteElo "1662"]
[BlackElo "2119"]
[PlyCount "62"]
[EventDate "2012.??.??"]

1. e4 e6 2. d4 d5 3. exd5 exd5 4. Bd3 c5 5. dxc5 Bxc5 6. h3 Nf6 7. Nf3 O-O 8.
O-O Qb6 9. Nc3 Bd7 10. Bg5 Na6 11. Bxf6 Qxf6 12. Nxd5 Qxb2 13. Re1 Rad8 14. Ng5
h6 15. Qh5 Bc6 16. Nxf7 Bxf2+ 17. Kxf2 Rxf7+ 18. Kg1 Bxd5 19. Qg6 Qb6+ 20. Qxb6
axb6 21. Rab1 Nc5 22. Bg6 Rf6 23. Bh5 Bxa2 24. Ra1 Bd5 25. Re7 g6 26. Bg4 h5
27. Bd1 Rf7 28. Re1 Bc6 29. Rb1 Rd2 30. Be2 b5 31. Bf1 Rff2 0-1

[Event "ASD Arci Scacchi-SG Kaltern/Tramin"]
[Site "?"]
[Date "2012.10.27"]
[Round "1.3"]
[White "Waldner, Mirko"]
[Black "Rinaldo, Gaetano"]
[Result "1-0"]
[WhiteElo "1836"]
[BlackElo "1607"]
[PlyCount "67"]
[EventDate "2012.??.??"]

1. d4 Nf6 2. c4 e6 3. Nf3 b6 4. Bg5 Bb7 5. e3 Be7 6. Nc3 Ne4 7. Bf4 O-O 8. Bd3
f5 9. h4 Nxc3 10. bxc3 h6 11. Ne5 Qe8 12. Be2 g6 13. Bxh6 d6 14. Bxf8 dxe5 15.
Bxe7 Qxe7 16. Bf3 e4 17. Be2 Nd7 18. Qb3 c5 19. a4 a5 20. Rd1 Bc6 21. f3 Kg7
22. fxe4 fxe4 23. Kd2 Qd6 24. h5 cxd4 25. cxd4 Qb4+ 26. Qxb4 axb4 27. Ra1 Rxa4
28. Rxa4 Bxa4 29. hxg6 Kxg6 30. Ra1 b5 31. cxb5 Nb6 32. Rb1 Nd5 33. b6 Bc6 34.
Bc4 1-0

[Event "ASD Arci Scacchi-SG Kaltern/Tramin"]
[Site "?"]
[Date "2012.10.27"]
[Round "1.4"]
[White "D'Ambrosio, Luca"]
[Black "Bertagnolli, Gerhard"]
[Result "0-1"]
[WhiteElo "1748"]
[BlackElo "1923"]
[PlyCount "66"]
[EventDate "2012.??.??"]

1. d4 Nf6 2. Nf3 e6 3. Bg5 Be7 4. e3 b6 5. Bd3 Bb7 6. O-O d6 7. Nbd2 Nbd7 8. e4
c5 9. c3 O-O 10. Rc1 Qc7 11. Qe2 Rfe8 12. e5 Nd5 13. Qe4 Nf8 14. Qh4 dxe5 15.
dxe5 Bxg5 16. Qxg5 h6 17. Qg3 Ne7 18. Ne4 Bxe4 19. Bxe4 Rad8 20. Rcd1 Rxd1 21.
Rxd1 Rd8 22. Nd2 c4 23. f4 Qc5+ 24. Qf2 Qb5 25. Rb1 Qa6 26. Ra1 Nd5 27. g3 b5
28. f5 exf5 29. Qxf5 Qb6+ 30. Kh1 Ne7 31. Qf4 Neg6 32. Qf5 Rxd2 33. Rf1 Qe6 0-1

[Event "ASD Arci Scacchi-SG Kaltern/Tramin"]
[Site "?"]
[Date "2012.10.27"]
[Round "1.5"]
[White "Dibiasi, Rainer"]
[Black "Pollana, Marco"]
[Result "1/2-1/2"]
[WhiteElo "1806"]
[BlackElo "1766"]
[PlyCount "53"]
[EventDate "2012.??.??"]

1. Nf3 g6 2. c4 c5 3. Nc3 Nc6 4. g3 Bg7 5. Bg2 e6 6. Ne4 d6 7. d3 h6 8. O-O
Nge7 9. Rb1 O-O 10. Bd2 f5 11. Nc3 e5 12. a3 Rb8 13. b4 b6 14. Ne1 Nd4 15. e3
Ne6 16. f4 Bb7 17. Bxb7 Rxb7 18. Nd5 exf4 19. gxf4 Nc7 20. Qf3 Nexd5 21. cxd5
Ne8 22. Nc2 Re7 23. Qg2 Kh7 24. Kh1 Bh8 25. Rf3 Nf6 26. Rg3 Rg8 27. Rg1 1/2-1/2

[Event "ASD Arci Scacchi-SG Kaltern/Tramin"]
[Site "?"]
[Date "2012.10.27"]
[Round "1.6"]
[White "Adzic, Ranko"]
[Black "Dallaglio, Giovanni"]
[Result "1/2-1/2"]
[WhiteElo "1800"]
[BlackElo "1675"]
[PlyCount "111"]
[EventDate "2012.??.??"]

1. Nf3 Nf6 2. g3 d5 3. Bg2 c6 4. O-O Bg4 5. d3 e6 6. Nbd2 Nbd7 7. c4 Bd6 8. Qb3
Qb6 9. Qc2 O-O 10. a3 a5 11. d4 dxc4 12. Nxc4 Qc7 13. e4 Bxf3 14. Bxf3 e5 15.
Be3 exd4 16. Bxd4 Ne5 17. Bg2 Nxc4 18. Qxc4 Be5 19. Bc5 Rfd8 20. f4 Bd6 21.
Bxd6 Rxd6 22. e5 Qb6+ 23. Kh1 Rd4 24. Qe2 Ne8 25. e6 fxe6 26. Qxe6+ Kh8 27.
Rae1 Nf6 28. g4 Qxb2 29. Rb1 Qxa3 30. Rxb7 Qd6 31. Qf7 Rg8 32. g5 Ne4 33. Bxe4
Rxe4 34. Rd7 Qf8 35. h4 Qxf7 36. Rxf7 Rge8 37. h5 R4e7 38. Rf5 g6 39. hxg6 hxg6
40. Rxa5 Kg7 41. Kg2 Re2+ 42. Rf2 Kf7 43. Ra7+ R2e7 44. Rxe7+ Rxe7 45. Rc2 Rc7
46. Kf3 Ke6 47. Ke4 c5 48. Rc4 Rc6 49. Kf3 Kd5 50. Rc1 c4 51. Rd1+ Kc5 52. f5
gxf5 53. Kf4 Rd6 54. Rc1 Kb4 55. Kxf5 c3 56. g6 1/2-1/2

[Event "CSK Merania-ASD Arci Scacchi II"]
[Site "?"]
[Date "2012.10.27"]
[Round "1.1"]
[White "Scarabello, Graziano"]
[Black "Hellweger, Stefan"]
[Result "1/2-1/2"]
[WhiteElo "1320"]
[BlackElo "1497"]
[PlyCount "55"]
[EventDate "2012.??.??"]

1. e4 e5 2. Bc4 d6 3. h3 Nf6 4. d3 Be7 5. Nf3 O-O 6. Nc3 Nc6 7. Nd5 Nxd5 8.
Bxd5 Be6 9. Be3 Nb4 10. Bxb7 Rb8 11. Bd5 Nxd5 12. exd5 Bxd5 13. b3 a6 14. Qe2
f5 15. Bd2 e4 16. dxe4 fxe4 17. Nd4 Bf6 18. c3 g6 19. Qxa6 Bxd4 20. cxd4 Qf6
21. Be3 c5 22. O-O-O cxd4 23. Bxd4 Rfc8+ 24. Kb1 Qf5 25. Be3 Qe5 26. Bd4 Qf4
27. Be3 Qe5 28. Bd4 1/2-1/2

[Event "CSK Merania-ASD Arci Scacchi II"]
[Site "?"]
[Date "2012.10.27"]
[Round "1.2"]
[White "Ladurner, Hans"]
[Black "Gasparro, Antonio"]
[Result "0-1"]
[WhiteElo "1564"]
[BlackElo "1388"]
[PlyCount "84"]
[EventDate "2012.??.??"]

1. e4 d6 2. d4 Nf6 3. Bd3 e5 4. c3 d5 5. dxe5 Nxe4 6. Bxe4 dxe4 7. Qa4+ Bd7 8.
Qxe4 Bc6 9. Qg4 h5 10. Qg3 h4 11. Qg4 Qd7 12. Qxd7+ Nxd7 13. f3 Nxe5 14. Nh3
Nd3+ 15. Kd2 O-O-O 16. Kc2 Nxc1 17. Kxc1 Bd6 18. Kc2 Rhe8 19. Rd1 Re2+ 20. Rd2
Rxd2+ 21. Nxd2 Bxh2 22. Re1 f6 23. Re2 Be5 24. b3 Bb5 25. c4 Bc6 26. Nf2 Bd4
27. Nd3 g5 28. Nb4 Re8 29. Rxe8+ Bxe8 30. Kd3 Be5 31. Nd5 Kd7 32. Ne4 Bg6 33.
Ke3 Bxe4 34. Kxe4 c6 35. Nb4 Ke6 36. Nd3 f5+ 37. Ke3 Bd6 38. c5 Bg3 39. Kd4 g4
40. fxg4 fxg4 41. a3 h3 42. gxh3 gxh3 0-1

[Event "CSK Merania-ASD Arci Scacchi II"]
[Site "?"]
[Date "2012.10.27"]
[Round "1.3"]
[White "Danti, Alessandro"]
[Black "Sbalchiero, Lorenzo"]
[Result "1/2-1/2"]
[WhiteElo "1369"]
[BlackElo "1453"]
[PlyCount "87"]
[EventDate "2012.??.??"]

1. d4 Nf6 2. c4 e6 3. g3 d5 4. Bg2 c6 5. Nf3 Nbd7 6. O-O Be7 7. Qc2 O-O 8. Nc3
dxc4 9. e4 Re8 10. Qe2 Nb6 11. Bg5 g6 12. Rad1 Bd7 13. h4 Rc8 14. e5 Nfd5 15.
Bxe7 Rxe7 16. Ng5 Nxc3 17. bxc3 Qf8 18. Ne4 Rc7 19. Nf6+ Kh8 20. h5 Qh6 21.
hxg6 fxg6 22. Be4 Rf7 23. Kg2 Nd5 24. Bxd5 cxd5 25. Rh1 Qf8 26. Qc2 Rxf6 27.
exf6 Qxf6 28. Rh4 Be8 29. Rf4 Qg7 30. Re1 Re7 31. Re5 g5 32. Rg4 Bg6 33. Qd2 h6
34. Qe2 Bf5 35. f4 Bxg4 36. Qxg4 gxf4 37. Qxf4 Rf7 38. Qe3 Qf6 39. Qe2 Re7 40.
Re3 Qg6 41. Rf3 Qe4 42. Qxe4 dxe4 43. Re3 Kg7 44. Rxe4 1/2-1/2

[Event "CSK Merania-ASD Arci Scacchi II"]
[Site "?"]
[Date "2012.10.27"]
[Round "1.4"]
[White "Zappi, Adriano"]
[Black "Olivetti, Davide"]
[Result "0-1"]
[WhiteElo "1504"]
[BlackElo "1428"]
[PlyCount "56"]
[EventDate "2012.??.??"]

1. d4 c5 2. Nf3 cxd4 3. Nxd4 e5 4. Nf3 e4 5. Nd4 d5 6. c3 Bd6 7. e3 a6 8. Qh5
Nf6 9. Qe2 Nc6 10. g3 Bg4 11. Qd2 Ne5 12. Be2 Qd7 13. O-O Bf3 14. Bxf3 exf3 15.
Qd1 Qh3 16. Nxf3 Nfg4 17. Re1 Nxf3+ 18. Qxf3 Qxh2+ 19. Kf1 Qh5 20. Ke2 Qg6 21.
Nd2 O-O-O 22. Nb3 Ne5 23. Qxd5 Bc7 24. Qxd8+ Rxd8 25. Kf1 Qd3+ 26. Kg2 Qe4+ 27.
Kf1 Qh1+ 28. Ke2 Qf3+ 0-1

[Event "CSK Merania-ASD Arci Scacchi II"]
[Site "?"]
[Date "2012.10.27"]
[Round "1.5"]
[White "Zanatta, Daniel"]
[Black "Maestri, Alessandro"]
[Result "1/2-1/2"]
[WhiteElo "1328"]
[BlackElo "1483"]
[PlyCount "46"]
[EventDate "2012.??.??"]

1. d4 Nf6 2. Nf3 d5 3. c4 dxc4 4. Nc3 e6 5. e3 Be7 6. Bxc4 O-O 7. O-O b6 8. e4
Bb7 9. Re1 Bb4 10. Bd3 a6 11. a3 Bxc3 12. bxc3 Nbd7 13. e5 Nd5 14. c4 Ne7 15.
Be4 Bxe4 16. Rxe4 c5 17. d5 Ng6 18. Bb2 Qc7 19. Qd3 Rab8 20. Rd1 Qb7 21. Re2
Rfe8 22. d6 Rf8 23. Qe3 Rfe8 1/2-1/2

[Event "Groeden II-SC SSV Bruneck"]
[Site "?"]
[Date "2012.10.27"]
[Round "1.1"]
[White "Balzarini, Franco"]
[Black "Kazazi, Rifat"]
[Result "1-0"]
[WhiteElo "1775"]
[BlackElo "1674"]
[PlyCount "125"]
[EventDate "2012.??.??"]

1. d4 e6 2. Nf3 Nf6 3. e3 d5 4. c4 c6 5. Bd3 Bd6 6. O-O Nbd7 7. Nbd2 e5 8. cxd5
cxd5 9. dxe5 Nxe5 10. Nxe5 Bxe5 11. Nf3 Bc7 12. b3 O-O 13. Bb2 Bg4 14. Rc1 Rc8
15. h3 Bh5 16. Bf5 Rb8 17. g4 Bg6 18. Bxf6 gxf6 19. Qc2 Rc8 20. Qd3 Bxf5 21.
Qxf5 Qd6 22. Rfd1 Rcd8 23. Rd4 Qe6 24. Qd3 Be5 25. Rb4 b6 26. Rd1 Rd7 27. Nh4
a5 28. Rb5 Rfd8 29. Nf5 d4 30. e4 Rc7 31. Qd2 Qe8 32. Rxb6 d3 33. Qe3 Rcd7 34.
g5 Kh8 35. gxf6 Qg8+ 36. Kh1 Qg6 37. f4 Qh5 38. Rd2 Bc7 39. Rc6 Rg8 40. Ng7 Qh4
41. e5 Bb8 42. Kg2 Ba7 43. Qg3 Qxg3+ 44. Kxg3 Be3 45. Rd1 Rd4 46. Rc4 Bxf4+ 47.
Kf3 Rxc4 48. bxc4 Bxe5 49. Nh5 Rd8 50. Ke4 Re8 51. Kf5 Bc7 52. Rxd3 Re5+ 53.
Kg4 Re4+ 54. Kf5 Re5+ 55. Kg4 Re4+ 56. Kf3 Rxc4 57. Rd7 Kg8 58. Re7 Kf8 59. Ke3
Rc5 60. Ng7 Re5+ 61. Rxe5 Bxe5 62. Nh5 Ke8 63. Ke4 1-0

[Event "Groeden II-SC SSV Bruneck"]
[Site "?"]
[Date "2012.10.27"]
[Round "1.2"]
[White "Knottner, Klaus"]
[Black "Lang, Guenther"]
[Result "1/2-1/2"]
[WhiteElo "1648"]
[BlackElo "1649"]
[PlyCount "122"]
[EventDate "2012.??.??"]

1. e4 d5 2. exd5 Nf6 3. c4 c6 4. Nc3 cxd5 5. d4 e6 6. Nf3 Be7 7. Be2 O-O 8. O-O
Nc6 9. Bf4 a6 10. b3 Ne4 11. Qc1 f5 12. Rd1 Bf6 13. Be5 Bd7 14. cxd5 Nxc3 15.
Qxc3 exd5 16. Qb2 Qe7 17. Re1 Rae8 18. Bd3 g6 19. Rad1 Qg7 20. Bf1 f4 21. h3 g5
22. Bxf6 Qxf6 23. Ne5 Bc8 24. a3 Re7 25. b4 Rfe8 26. Ng4 Bxg4 27. Rxe7 Rxe7 28.
hxg4 Qe6 29. Qb3 Kg7 30. Qh3 Qf6 31. Bd3 h6 32. Qf3 Qd6 33. Bf5 Na7 34. Bb1 Qe6
35. Ba2 Rd7 36. Kf1 Qe4 37. Qxe4 dxe4 38. d5 Nb5 39. Rc1 Nxa3 40. Re1 Nb5 41.
Rc1 Kf6 42. Rc8 Ke5 43. Re8+ Kd4 44. Re6 Rd6 45. Re7 b6 46. Re6 a5 47. bxa5
bxa5 48. Bb3 Kd3 49. Ke1 e3 50. fxe3 fxe3 51. g3 Rd8 52. Rc6 Nd4 53. Bc4+ Kc3
54. Rc7 Rb8 55. Ba6+ Kb2 56. d6 Ka3 57. Bb7 e2 58. Kd2 Re8 59. Re7 Rd8 60. d7
Kb4 61. Bc8 Kc5 1/2-1/2

[Event "Groeden II-SC SSV Bruneck"]
[Site "?"]
[Date "2012.10.27"]
[Round "1.3"]
[White "Oberhammer, Guenther"]
[Black "Goller, Bruno"]
[Result "1-0"]
[WhiteElo "1600"]
[BlackElo "1455"]
[PlyCount "75"]
[EventDate "2012.??.??"]

1. e4 c5 2. Nf3 e6 3. d4 cxd4 4. Nxd4 a6 5. Bc4 d6 6. Nc3 Nf6 7. Bb3 Be7 8. O-O
O-O 9. Be3 Qc7 10. f4 b5 11. f5 e5 12. Nf3 Nbd7 13. h3 Nc5 14. Bd5 Rb8 15. a3
b4 16. axb4 Rxb4 17. Bb3 Nxb3 18. cxb3 Bb7 19. Nd5 Nxd5 20. exd5 Rb5 21. Rc1
Qd7 22. Ng5 Bxg5 23. Bxg5 f6 24. Be3 Bxd5 25. Qg4 Rxb3 26. Bh6 Rxb2 27. Rf2
Rxf2 28. Kxf2 Kh8 29. Be3 Rb8 30. Rc2 a5 31. Bc1 Rb4 32. Qh5 a4 33. Ba3 Qa7+
34. Kg3 Qe3+ 35. Kh2 Qf4+ 36. g3 Qe4 37. Rc8+ Bg8 38. Rxg8+ 1-0

[Event "Groeden II-SC SSV Bruneck"]
[Site "?"]
[Date "2012.10.27"]
[Round "1.4"]
[White "Moroder, Richard"]
[Black "Oberhammer, Othmar"]
[Result "1/2-1/2"]
[WhiteElo "1413"]
[BlackElo "1453"]
[PlyCount "60"]
[EventDate "2012.??.??"]

1. e4 b6 2. d4 Bb7 3. Nc3 e6 4. Nf3 Nf6 5. Bd3 Be7 6. O-O O-O 7. h3 d6 8. Be3
a6 9. Nh2 b5 10. a3 c5 11. dxc5 dxc5 12. f3 Nbd7 13. Qe1 Ne5 14. Rd1 Nxd3 15.
Rxd3 Qc8 16. Qg3 c4 17. Rd2 Bc5 18. Qf2 Bxe3 19. Qxe3 Qc7 20. Rfd1 Rad8 21. Nf1
Rxd2 22. Qxd2 Qc5+ 23. Qe3 Qc7 24. Qd4 h6 25. Qd6 Qc8 26. Kh1 Qa8 27. Ne3 Qa7
28. Qd4 Qb8 29. Qd6 Qa7 30. Qd4 Qb8 1/2-1/2

[Event "Groeden II-SC SSV Bruneck"]
[Site "?"]
[Date "2012.10.27"]
[Round "1.5"]
[White "Peintner, Markus"]
[Black "Dejori, David"]
[Result "1-0"]
[WhiteElo "1481"]
[BlackElo "1357"]
[PlyCount "133"]
[EventDate "2012.??.??"]

1. c4 e5 2. Nc3 Nf6 3. e3 Nc6 4. d4 exd4 5. exd4 d5 6. c5 a6 7. Nf3 Bf5 8. a3
g6 9. Bg5 Be7 10. Be2 O-O 11. O-O Re8 12. Qb3 Be6 13. Rad1 Ne4 14. Be3 Rb8 15.
Bd3 Nxc3 16. Qxc3 Bf6 17. h3 Ne7 18. Bf4 Nf5 19. Rfe1 Nh4 20. Be2 Nxf3+ 21.
Qxf3 Bg7 22. Qg3 Rc8 23. Qb3 Rb8 24. Qc3 Rc8 25. c6 b5 26. Qa5 Qh4 27. Bg3 Qe7
28. Qxa6 Rb8 29. Qa5 Rb6 30. Bxb5 Qd8 31. a4 Re7 32. Qc3 Bf5 33. Rxe7 Qxe7 34.
Re1 Qd8 35. Qe3 Rb8 36. Qe7 Bf6 37. Qxd8+ Bxd8 38. f3 Kg7 39. Re2 Ra8 40. Be1
Bf6 41. Bc3 Be6 42. b3 Bf5 43. a5 Rb8 44. Ba4 Bd3 45. Rd2 Ba6 46. Rb2 Bg5 47.
b4 Be3+ 48. Kh1 Bc8 49. b5 Bf4 50. b6 cxb6 51. axb6 Ra8 52. Bc2 Be6 53. b7 Rb8
54. Ba5 Bc8 55. Ba4 Kf6 56. Rb5 Ke6 57. bxc8=Q+ Rxc8 58. Bb3 Kd6 59. Bxd5 Ke7
60. Rb7+ Kf6 61. Rxf7+ Kg5 62. h4+ Kxh4 63. Rxf4+ Kg5 64. Rf7 h5 65. Kh2 Kh6
66. c7 g5 67. Rd7 1-0

[Event "Groeden-Brixen/Milland"]
[Site "?"]
[Date "2012.10.27"]
[Round "1.1"]
[White "Sader, Michael"]
[Black "Demetz, Rainer"]
[Result "1/2-1/2"]
[WhiteElo "2169"]
[BlackElo "2170"]
[PlyCount "24"]
[EventDate "2012.??.??"]

1. Nf3 d6 2. c4 e5 3. Nc3 Nf6 4. g3 g6 5. Bg2 Bg7 6. O-O O-O 7. d3 Nc6 8. Rb1
a5 9. a3 h6 10. b4 Be6 11. b5 Ne7 12. Nd2 d5 1/2-1/2

[Event "Groeden-Brixen/Milland"]
[Site "?"]
[Date "2012.10.27"]
[Round "1.2"]
[White "Bernardi, Ruben"]
[Black "Brenninger, Daniel"]
[Result "1-0"]
[WhiteElo "2102"]
[BlackElo "2056"]
[PlyCount "83"]
[EventDate "2012.??.??"]

1. e4 e6 2. d4 d5 3. exd5 exd5 4. Nf3 Nf6 5. Bd3 Be7 6. O-O Bg4 7. h3 Bh5 8.
Re1 O-O 9. Nbd2 Nbd7 10. Nf1 Re8 11. Bf4 Nf8 12. Ng3 Bg6 13. Ne5 Ne6 14. Nxg6
hxg6 15. Rxe6 fxe6 16. Bxg6 Rf8 17. Qe2 Qd7 18. Re1 Bd6 19. Be5 c5 20. Bxd6
Qxd6 21. dxc5 Qd7 22. Nh5 d4 23. Nf4 e5 24. Qc4+ Kh8 25. Rxe5 Rae8 26. Bxe8
Rxe8 27. Rxe8+ Qxe8 28. Qxd4 Qe1+ 29. Kh2 Ne4 30. Nh5 Nf6 31. Nxf6 gxf6 32.
Qxf6+ Kg8 33. h4 Qe2 34. Qg5+ Kh8 35. Qd8+ Kg7 36. Qc7+ Kh6 37. c6 bxc6 38.
Qxc6+ Kh7 39. Qc7+ Kh8 40. Qb8+ Kh7 41. Qxa7+ Kh8 42. Qe3 1-0

[Event "Groeden-Brixen/Milland"]
[Site "?"]
[Date "2012.10.27"]
[Round "1.3"]
[White "Kofler, Thomas"]
[Black "Moroder, Stephan"]
[Result "0-1"]
[WhiteElo "1960"]
[BlackElo "2083"]
[PlyCount "44"]
[EventDate "2012.??.??"]

1. c4 b6 2. Nc3 Bb7 3. Nf3 c5 4. d3 e6 5. Bf4 a6 6. e4 Nc6 7. Be2 d6 8. O-O
Nge7 9. a3 g6 10. Rb1 Bg7 11. Qc1 Nd4 12. Nxd4 cxd4 13. Nd1 O-O 14. b4 Rc8 15.
Nb2 f5 16. exf5 gxf5 17. Bh6 e5 18. Qg5 Ng6 19. Bh5 Bxh6 20. Qxh6 Nf4 21. Bf3
Bxf3 22. gxf3 Rf6 0-1

[Event "Groeden-Brixen/Milland"]
[Site "?"]
[Date "2012.10.27"]
[Round "1.4"]
[White "Oberrauch, Martin"]
[Black "Kofler, Oswald"]
[Result "1-0"]
[WhiteElo "2027"]
[BlackElo "1858"]
[PlyCount "83"]
[EventDate "2012.??.??"]

1. e4 g6 2. g3 Bg7 3. Bg2 e5 4. d3 d6 5. c3 c6 6. Be3 Nf6 7. h3 Be6 8. Ne2 d5
9. O-O O-O 10. Nd2 Qd7 11. Kh2 dxe4 12. Nxe4 Nxe4 13. dxe4 Rd8 14. Qa4 Na6 15.
Rfd1 Qe7 16. f4 f5 17. fxe5 Bxe5 18. Nf4 Rxd1 19. Rxd1 Bf7 20. exf5 gxf5 21.
Qc2 Be6 22. Re1 Bxf4 23. Bxf4 Qf7 24. Re5 Re8 25. b3 Bd7 26. Qf2 Rxe5 27. Bxe5
Qe7 28. Qf4 Kf7 29. Be4 Kg6 30. Bc2 Qg5 31. Qd4 Qe7 32. g4 c5 33. Qf4 Qg5 34.
Qf2 Bc8 35. Bf4 Qe7 36. gxf5+ Kf7 37. Bd3 Qf6 38. Bc4+ Kf8 39. Qe3 Qe7 40. Qg3
Ke8 41. Qg8+ Qf8 42. Bb5+ 1-0

[Event "Groeden-Brixen/Milland"]
[Site "?"]
[Date "2012.10.27"]
[Round "1.5"]
[White "Wisthaler, Lukas"]
[Black "Moroder, Thomas"]
[Result "0-1"]
[WhiteElo "1822"]
[BlackElo "1894"]
[PlyCount "104"]
[EventDate "2012.??.??"]

1. e4 c5 2. Nf3 d6 3. d4 cxd4 4. Nxd4 Nf6 5. Nc3 a6 6. Be2 e6 7. O-O Qc7 8. Be3
b5 9. f3 b4 10. Na4 Bd7 11. c3 Qa5 12. b3 bxc3 13. Rc1 d5 14. Nxc3 e5 15. Na4
exd4 16. Bxd4 Bxa4 17. bxa4 Nbd7 18. e5 Ng8 19. f4 Ba3 20. e6 Ndf6 21. Bh5 g6
22. Qc2 Qd8 23. Qc6+ Kf8 24. exf7 Kxf7 25. Bf3 Bxc1 26. Rxc1 Rb8 27. Re1 Rb4
28. Qe6+ Kg7 29. Bc3 Qb6+ 30. Qxb6 Rxb6 31. Bxd5 Rd6 32. Bb3 h5 33. Re8 Kh6 34.
Rf8 Rh7 35. Bxg8 Nxg8 36. Rxg8 Rc6 37. Be5 Rc1+ 38. Kf2 Rc2+ 39. Ke3 Rxg2 40.
Bf6 h4 41. Bxh4 Rxa2 42. Kf3 Rf7 43. Rh8+ Kg7 44. Rb8 Rxa4 45. Bg5 a5 46. h4
Ra1 47. Ra8 a4 48. Kg4 a3 49. h5 gxh5+ 50. Kxh5 a2 51. Bh4 Rxf4 52. Ra6 Rxh4+
0-1

[Event "Groeden-Brixen/Milland"]
[Site "?"]
[Date "2012.10.27"]
[Round "1.6"]
[White "Prinoth, Franz"]
[Black "Hellweg, Stephan"]
[Result "1/2-1/2"]
[WhiteElo "1772"]
[BlackElo "1668"]
[PlyCount "97"]
[EventDate "2012.??.??"]

1. d4 d5 2. Nf3 Nf6 3. Bf4 e6 4. e3 Bd6 5. Ne5 Nbd7 6. Nd2 Nb6 7. Bd3 c6 8. O-O
Bxe5 9. Bxe5 Nbd7 10. Bd6 Qb6 11. Nb3 Nf8 12. Nc5 Ng6 13. Qf3 Qd8 14. Bg3 O-O
15. c4 Re8 16. h3 Nd7 17. Rfd1 Qe7 18. Nxd7 Bxd7 19. c5 Qg5 20. b4 a6 21. a4 f6
22. e4 dxe4 23. Bxe4 f5 24. Bd3 Rad8 25. Be5 Ne7 26. b5 axb5 27. axb5 cxb5 28.
Qe2 Bc6 29. f4 Qg3 30. Bxb5 Nd5 31. Bxc6 bxc6 32. Qf2 Qxf2+ 33. Kxf2 Nc3 34.
Rd3 Nb5 35. Ra6 Rc8 36. Rb6 Re7 37. Rd1 Ra7 38. g4 g6 39. Kg3 Nc3 40. Rd3 Ne4+
41. Kh4 h6 42. Rdb3 Rf7 43. Rb7 Rcf8 44. Rxf7 Rxf7 45. Rb6 Kh7 46. g5 hxg5+ 47.
fxg5 Kg8 48. Rb8+ Rf8 49. Rb7 1/2-1/2

[Event "J.Richter/LASK BZ-J.Richter/LASK II"]
[Site "?"]
[Date "2012.10.27"]
[Round "1.1"]
[White "Rigo, Gianfranco"]
[Black "Moncher, Stefano"]
[Result "1-0"]
[WhiteElo "1898"]
[BlackElo "2182"]
[PlyCount "42"]
[EventDate "2012.??.??"]

1. e4 e6 2. d4 d5 3. Nc3 Bb4 4. e5 c5 5. Bd2 cxd4 6. Nb5 Bxd2+ 7. Qxd2 Ne7 8.
f4 O-O 9. Nf3 Nbc6 10. Bd3 f6 11. O-O Bd7 12. Rae1 Qb6 13. Kh1 Kh8 14. Nd6 Nb4
15. Be2 Ng6 16. a3 fxe5 17. Qxb4 Rxf4 18. Qxb6 axb6 19. Nxe5 Rxf1+ 20. Bxf1
Nxe5 21. Rxe5 Rf8 1-0

[Event "J.Richter/LASK BZ-J.Richter/LASK II"]
[Site "?"]
[Date "2012.10.27"]
[Round "1.2"]
[White "Bevilacqua, Maurizio"]
[Black "Muscolino, Attilio"]
[Result "1/2-1/2"]
[WhiteElo "1974"]
[BlackElo "1735"]
[PlyCount "50"]
[EventDate "2012.??.??"]

1. d4 Nf6 2. c4 g6 3. Nc3 Bg7 4. e4 d6 5. Nge2 O-O 6. Ng3 e5 7. d5 Bg4 8. f3
Bd7 9. Be2 Kh8 10. O-O Ng8 11. f4 exf4 12. Bxf4 Be8 13. c5 dxc5 14. Qd2 Nd7 15.
Bg5 f6 16. Be3 b6 17. Nb5 a6 18. Na3 Ne5 19. Rac1 Qe7 20. Nc4 Nxc4 21. Bxc4 Bf7
22. Bd3 Rad8 23. Qe2 c6 24. dxc6 Qd6 25. Bxa6 Qxc6 1/2-1/2

[Event "J.Richter/LASK BZ-J.Richter/LASK II"]
[Site "?"]
[Date "2012.10.27"]
[Round "1.3"]
[White "Hermeter, Walter"]
[Black "De Vita, Gianni"]
[Result "0-1"]
[WhiteElo "1660"]
[BlackElo "1973"]
[PlyCount "24"]
[EventDate "2012.??.??"]

1. e4 e5 2. Nf3 Nc6 3. Bc4 Bc5 4. O-O Nf6 5. d3 d6 6. Nc3 Bg4 7. Bg5 Nd4 8. Nd5
Rg8 9. c3 Nxf3+ 10. gxf3 Bh3 11. Re1 h6 12. Be3 Nxd5 0-1

[Event "J.Richter/LASK BZ-J.Richter/LASK II"]
[Site "?"]
[Date "2012.10.27"]
[Round "1.4"]
[White "Kowalczyk, Martin"]
[Black "Anrather, Eva"]
[Result "0-1"]
[WhiteElo "1887"]
[BlackElo "1395"]
[PlyCount "79"]
[EventDate "2012.??.??"]

1. e4 e5 2. Nf3 Nc6 3. Bb5 Bc5 4. O-O Nge7 5. c3 a6 6. Ba4 b5 7. Bc2 O-O 8. d4
exd4 9. cxd4 Bb6 10. a3 Ng6 11. Nc3 d6 12. Bg5 Qe8 13. Qd3 h6 14. Be3 Na5 15.
e5 Bg4 16. Nh4 dxe5 17. dxe5 Rd8 18. Qe4 f5 19. Qb4 Nxh4 20. Bxb6 cxb6 21. h3
Qc6 22. f3 Nxf3+ 23. gxf3 Bxh3 24. Rf2 Qg6+ 25. Kh2 Qh5 26. Qf4 Bf1+ 27. Kg1
Bc4 28. Re1 Nc6 29. e6 Rf6 30. e7 Re8 31. b3 Rg6+ 32. Rg2 Rxg2+ 33. Kxg2 Qg6+
34. Kf2 Bf7 35. Bxf5 Qf6 36. Ne4 Qxe7 37. Rg1 Kf8 38. Bg6 Ne5 39. Bxf7 Nd3+ 40.
Ke3 0-1

[Event "J.Richter/LASK BZ-J.Richter/LASK II"]
[Site "?"]
[Date "2012.10.27"]
[Round "1.5"]
[White "Martini, Tranquillo"]
[Black "Mumelter, Igor"]
[Result "0-1"]
[WhiteElo "1350"]
[BlackElo "1821"]
[PlyCount "74"]
[EventDate "2012.??.??"]

1. e4 c6 2. d4 d5 3. e5 c5 4. dxc5 e6 5. Be3 Nh6 6. Bd3 Qc7 7. Bd4 Bxc5 8. c3
Bd7 9. Nf3 Nc6 10. Bxc5 Nxe5 11. Nxe5 Qxe5+ 12. Be3 O-O 13. O-O Bc6 14. Bxh6
gxh6 15. Qg4+ Kh8 16. Qd4 f6 17. Nd2 Rg8 18. Qxe5 fxe5 19. f3 Rg7 20. Rf2 Rag8
21. Re1 Rg5 22. c4 h5 23. b4 h4 24. b5 Bd7 25. a4 h3 26. g3 h5 27. c5 h4 28. g4
Rc8 29. Nb3 a6 30. Rc1 e4 31. Be2 exf3 32. Bxf3 axb5 33. axb5 Bxb5 34. Nd4 Bd7
35. Re2 e5 36. Bxd5 Bxg4 37. Be6 Bxe2+ 0-1

[Event "J.Richter/LASK BZ-J.Richter/LASK II"]
[Site "?"]
[Date "2012.10.27"]
[Round "1.6"]
[White "Bonseri, Sergio"]
[Black "Gjorgjioski, Martin"]
[Result "1-0"]
[WhiteElo "1710"]
[BlackElo "1200"]
[PlyCount "78"]
[EventDate "2012.??.??"]

1. e4 e5 2. Nf3 d6 3. h3 Nc6 4. Bb5 Qd7 5. d4 a6 6. Bxc6 bxc6 7. dxe5 dxe5 8.
Qxd7+ Bxd7 9. Nxe5 O-O-O 10. Nxf7 Nf6 11. Nxh8 Bd6 12. Nf7 Re8 13. Nxd6+ cxd6
14. f3 d5 15. Nc3 dxe4 16. Nxe4 Nxe4 17. fxe4 Rxe4+ 18. Kf2 Bf5 19. Re1 Rxe1
20. Kxe1 Bxc2 21. Be3 Be4 22. Kf2 Kc7 23. Bd4 g6 24. Re1 Bd5 25. a3 Kd6 26. b4
h5 27. Bc5+ Kc7 28. Re7+ Kd8 29. h4 Kc8 30. g3 Bc4 31. Ke3 Bb5 32. Rg7 Kd8 33.
Kd4 Ke8 34. Rxg6 Kf7 35. Rh6 Be2 36. Rxc6 Bf3 37. Rxa6 Bg4 38. b5 Kg7 39. b6
Bf3 1-0

[Event "SC Lana-SC SSV Taufers"]
[Site "?"]
[Date "2012.10.27"]
[Round "1.1"]
[White "Niederkofler, Andreas"]
[Black "Hoelzl, Matthias"]
[Result "1-0"]
[WhiteElo "1770"]
[BlackElo "1709"]
[PlyCount "59"]
[EventDate "2012.??.??"]

1. e4 c5 2. Nf3 d6 3. d4 cxd4 4. Nxd4 Nf6 5. Nc3 g6 6. Be3 Bg7 7. f3 Nc6 8. Qd2
O-O 9. g4 Bd7 10. O-O-O Rc8 11. h4 h5 12. Nd5 Nxd4 13. Nxf6+ Bxf6 14. Bxd4 Bxd4
15. Qxd4 Qa5 16. gxh5 Qxh5 17. Be2 Rc5 18. Rd2 Rfc8 19. Qe3 Kg7 20. f4 Bg4 21.
Bxg4 Qxg4 22. f5 Rc4 23. Re2 d5 24. Qf2 Rxe4 25. Rxe4 Qxe4 26. Re1 Qb4 27. fxg6
fxg6 28. Rf1 Qe4 29. h5 Rc6 30. Qf8+ 1-0